LDR 01095naa#a2200229#i#450# 001 RU\\bibl\120484 005 20260630033554.2 011 ## _a2077-7566 100 ## _a20260629b2026####ek#y0rusy0150####ca 101 0# _aRUS 102 ## _aRU 200 1# _aЦИФРОВОЕ ПЛАНИРОВАНИЕ ПРЕПАРИРОВАНИЯ ТВЕРДЫХ ТКАНЕЙ ЗУБОВ ПОД ОРТОПЕДИЧЕСКИЕ КОНСТРУКЦИИ _eЖурнальная статья 210 1# _aЕкатеринбург _cИздательский Дом «ТИРАЖ» _d2026 215 ## _a6 с. 608 ## _aЖурнальная статья _2local 675 ## _aСтоматология. Заболевания ротовой полости и зубов. 616.31 _zRUS 700 #1 _aКошелев _gКонстантин Александрович 700 #1 _aОрлова _gКсения Андреевна 700 #1 _aГерасимов _gАртем Михайлович 700 #1 _aБелоусов _gНиколай Николаевич 700 #1 _aПетрикас _gОлег Арнольдович 856 4# _adental-press.ru _u